00290nam a22001337a 450000500170000002000180001704100120003508200160004710000200006324500300008326000240011330000080013736500110014520260324112912.0 a9788198712226 aEnglish aT16 R25 SUN aSundaramurthy R aThamizh Aaraychi Varalaru aChennaibNCBHc2025 a152 b135.00